[Event "TCh-TUR 2011"]
[Site "Konya TUR"]
[Date "2011.07.06"]
[Round "10"]
[White "Esen, Baris"]
[Black "Atakisi, Umut"]
[Result "1/2-1/2"]
[WhiteTitle "GM"]
[BlackTitle "IM"]
[WhiteElo "2553"]
[BlackElo "2370"]
[WhiteTeam "Adana Truva Satranc S.K."]
[BlackTeam "Besiktas Jimnastik Kulubu"]
[WhiteFideId "6302114"]
[BlackFideId "6301037"]
[EventDate "2011.06.28"]

1. d4 Nf6 2. c4 g6 3. Nf3 Bg7 4. g3 d5 5. Bg2 dxc4 6. Na3 O-O 7. O-O Nc6 8. Nxc4
Bf5 9. b3 Qc8 10. Bb2 Bh3 11. e3 a5 12. a3 Bxg2 13. Kxg2 Qf5 14. Rc1 Qd5 15. Nd2
Ne4 16. Kg1 e5 17. Nxe4 Qxe4 18. Nxe5 Bxe5 19. dxe5 Nxe5 20. Bxe5 Qxe5 21. Qd7
Rac8 22. Rfd1 b6 23. a4 Rfe8 24. Rc6 Qe7 25. Qg4 Rcd8 26. Rdc1 Rd7 27. Qf4 Qd8
28. Kg2 Ree7 29. h4 Rd1 30. Rxd1 Qxd1 31. h5 Qd8 32. Qc4 Rd7 33. hxg6 hxg6 34.
Rxg6+ Kf8 35. Rg4 Rd3 36. Rd4 Rxd4 37. Qxd4 Qg5 38. Qh8+ Ke7 39. Qd4 Qf5 40. Qc4
Kd6 41. e4 Qh5 42. Qd4+ Ke7 43. f3 Qh6 44. g4 Qf4 45. Qd5 f6 46. Qc6 Qd2+ 47.
Kh3 Qf4 48. Qc3 Kd7 49. Kg2 Ke7 50. Kf1 Ke8 51. Ke2 Ke7 52. Qd2 Qh2+ 53. Kd3 Qh1
54. Ke3 Qh6+ 55. Kd3 Qh1 56. Qe2 Qb1+ 57. Qc2 Qf1+ 58. Ke3 c6 59. Kf4 Qh1 60.
Qf2 Qh3 61. g5 fxg5+ 62. Kxg5 Ke6 63. f4 Qxb3 64. f5+ Ke7 65. Kf4 Qb4 66. Qh4+
Ke8 67. Qh8+ Qf8 68. Qe5+ Kd7 69. Qe6+ Kc7 70. e5 b5 71. axb5 cxb5 72. f6 Qh6+
73. Kg4 Qg6+ 74. Kf4 Qh6+ 75. Kg4 1/2-1/2

[Event "TCh-TUR 2011"]
[Site "Konya TUR"]
[Date "2011.07.06"]
[Round "10"]
[White "Erdogdu, Mert"]
[Black "Apaydin, Fethi"]
[Result "1/2-1/2"]
[WhiteTitle "IM"]
[WhiteElo "2434"]
[BlackElo "2198"]
[WhiteTeam "Adana Truva Satranc S.K."]
[BlackTeam "Besiktas Jimnastik Kulubu"]
[WhiteFideId "6301495"]
[BlackFideId "6302521"]
[EventDate "2011.06.28"]

1. e4 c5 2. Nf3 d6 3. d4 cxd4 4. Nxd4 Nf6 5. Nc3 g6 6. Be3 Bg7 7. f3 a6 8. Qd2
Nbd7 9. g4 b5 10. O-O-O Bb7 11. h4 h5 12. g5 Nh7 13. Kb1 O-O 14. Bh3 Nb6 15. Qf2
Nc4 16. Bc1 b4 17. Nd5 Bxd5 18. exd5 Qb6 19. Rh2 a5 20. Bf1 Ne5 21. Be2 f5 22.
Ne6 Qxf2 23. Rxf2 Rfc8 24. Nxg7 Kxg7 25. b3 Kf7 26. Bb2 Nf8 27. Bb5 Rab8 28. Ba4
Nfd7 29. Re2 Nc5 30. Bxe5 Nxa4 31. bxa4 dxe5 32. Rxe5 Rc5 33. f4 Rbc8 34. Rd2 1/2-1/2

[Event "TCh-TUR 2011"]
[Site "Konya TUR"]
[Date "2011.07.06"]
[Round "10"]
[White "Vovk, Andrey"]
[Black "Yilmazyerli, Mert"]
[Result "1-0"]
[WhiteTitle "GM"]
[BlackTitle "FM"]
[WhiteElo "2545"]
[BlackElo "2318"]
[WhiteTeam "Adana Truva Satranc S.K."]
[BlackTeam "Besiktas Jimnastik Kulubu"]
[WhiteFideId "14114470"]
[BlackFideId "6305962"]
[EventDate "2011.06.28"]

1. e4 d5 2. exd5 Nf6 3. d4 Nxd5 4. Nf3 Bg4 5. h3 Bh5 6. Be2 e6 7. O-O Nc6 8. c4
Nb6 9. Nc3 Be7 10. Be3 Bxf3 11. Bxf3 Nxc4 12. Qb3 Nb6 13. Rad1 O-O 14. d5 exd5
15. Nxd5 Bd6 16. Nxb6 axb6 17. Bf4 Qf6 18. Bxd6 cxd6 19. Bd5 Qd8 20. Rd2 Qc7 21.
Rfd1 Rad8 22. Rc2 Rfe8 23. Qb5 Re5 24. g3 Ra8 25. a3 Ra5 26. Qb3 Rc5 27. Rcd2
Qe7 28. Kf1 b5 29. Qf3 Nd8 30. b4 Rc7 31. Qd3 Qd7 32. h4 g6 33. Bf3 Ne6 34. Qxd6
Qxd6 35. Rxd6 Rc2 36. R6d2 Rc3 37. Rd3 Rc2 38. R1d2 Rc1+ 39. Kg2 g5 40. hxg5
Rxg5 41. Kh2 Rg6 42. Bxb7 Rh6+ 43. Kg2 Ng5 44. Rd1 Rc2 45. R1d2 Rc1 46. Rd5 Nh3
47. Rd1 Rc2 48. Rf5 1-0

[Event "TCh-TUR 2011"]
[Site "Konya TUR"]
[Date "2011.07.06"]
[Round "10"]
[White "Sop, Selen"]
[Black "Birgelir, Melisa"]
[Result "1-0"]
[WhiteTitle "WCM"]
[WhiteElo "1995"]
[BlackElo "1735"]
[WhiteTeam "Adana Truva Satranc S.K."]
[BlackTeam "Besiktas Jimnastik Kulubu"]
[WhiteFideId "6300278"]
[BlackFideId "6300308"]
[EventDate "2011.06.28"]

1. e4 e6 2. d4 d5 3. e5 c5 4. c3 Nc6 5. Nf3 c4 6. h4 Nge7 7. h5 h6 8. g3 Qc7 9.
Na3 a6 10. Bh3 Bd7 11. O-O Rg8 12. Nc2 Kd8 13. Ne3 g5 14. hxg6 fxg6 15. Ng4 Rh8
16. Nf6 Kc8 17. Nh4 g5 18. Ng2 Ng8 19. Qf3 Nge7 20. Nxd7 Qxd7 21. Qf6 1-0

[Event "TCh-TUR 2011"]
[Site "Konya TUR"]
[Date "2011.07.06"]
[Round "10"]
[White "Ali Marandi, Cemil Can"]
[Black "Yuksel, Atilla Koksal"]
[Result "1/2-1/2"]
[WhiteTitle "FM"]
[BlackTitle "CM"]
[WhiteElo "2265"]
[BlackElo "2035"]
[WhiteTeam "Besiktas Jimnastik Kulubu"]
[BlackTeam "Adana Truva Satranc S.K."]
[WhiteFideId "6300529"]
[BlackFideId "6306667"]
[EventDate "2011.06.28"]

1. e4 c5 2. c3 d5 3. exd5 Qxd5 4. d4 Nf6 5. Nf3 Bg4 6. dxc5 Qxc5 7. Na3 a6 8. h3
Bf5 9. Be3 Qc7 10. Qa4+ Nbd7 11. Bf4 Qc8 12. Ne5 e6 13. Nxd7 Nxd7 14. Rd1 b5 15.
Qd4 e5 16. Bxe5 Bc5 17. Qf4 Nxe5 18. Qxe5+ Qe6 19. Qxe6+ Bxe6 20. Nc2 O-O 21. b3
Rfe8 22. Be2 Rac8 23. Nd4 Bxd4 24. Rxd4 Rxc3 1/2-1/2

[Event "TCh-TUR 2011"]
[Site "Konya TUR"]
[Date "2011.07.06"]
[Round "10"]
[White "Spasov, Vasil"]
[Black "Arutinian, David"]
[Result "1/2-1/2"]
[WhiteTitle "GM"]
[BlackTitle "GM"]
[WhiteElo "2594"]
[BlackElo "2564"]
[WhiteTeam "Bursa Tophane Meslek Lisesi S.K."]
[BlackTeam "Yesilkoy Spor Kulubu"]
[WhiteFideId "2900041"]
[BlackFideId "13601741"]
[EventDate "2011.06.28"]

1. e4 c6 2. d4 d5 3. Nc3 dxe4 4. Nxe4 Bf5 5. Ng3 Bg6 6. h4 h6 7. Nf3 Nd7 8. h5
Bh7 9. Bd3 Bxd3 10. Qxd3 e6 11. Bd2 Ngf6 12. O-O-O Bd6 13. Ne4 Nxe4 14. Qxe4 Qe7
15. Kb1 Bc7 16. Qe2 O-O-O 17. c4 Rhe8 1/2-1/2

[Event "TCh-TUR 2011"]
[Site "Konya TUR"]
[Date "2011.07.06"]
[Round "10"]
[White "Sanikidze, Tornike"]
[Black "Karakehajov, Kalin"]
[Result "1/2-1/2"]
[WhiteTitle "GM"]
[BlackTitle "IM"]
[WhiteElo "2524"]
[BlackElo "2493"]
[WhiteTeam "Yesilkoy Spor Kulubu"]
[BlackTeam "Bursa Tophane Meslek Lisesi S.K."]
[WhiteFideId "13602608"]
[BlackFideId "2906430"]
[EventDate "2011.06.28"]

1. d4 d5 2. c4 e6 3. Nf3 c6 4. Qc2 Nf6 5. Bg5 Qa5+ 6. Bd2 Qd8 7. e3 Nbd7 8. Nc3
Be7 9. Bd3 O-O 10. O-O c5 11. cxd5 exd5 12. dxc5 Nxc5 13. Bf5 g6 14. Bxc8 Rxc8
15. Rfd1 Nce4 16. Be1 Nxc3 17. Bxc3 Bb4 18. Bxf6 Rxc2 19. Bxd8 Rxd8 20. Rab1 Be7
21. Kf1 Bf6 22. Nd4 Rc5 23. Ke2 Rdc8 24. Rd2 a5 25. Rbd1 a4 1/2-1/2

[Event "TCh-TUR 2011"]
[Site "Konya TUR"]
[Date "2011.07.06"]
[Round "10"]
[White "Afyoncu, Omer"]
[Black "Cebelli, Ozel"]
[Result "1/2-1/2"]
[WhiteElo "2112"]
[BlackElo "2130"]
[WhiteTeam "Yesilkoy Spor Kulubu"]
[BlackTeam "Bursa Tophane Meslek Lisesi S.K."]
[WhiteFideId "6305989"]
[BlackFideId "6301169"]
[EventDate "2011.06.28"]

1. e4 e6 2. d4 d5 3. e5 c5 4. c3 Nc6 5. Nf3 Qb6 6. a3 c4 7. h4 Na5 8. Nbd2 Bd7
9. g3 h6 10. Bh3 Ne7 11. O-O O-O-O 12. h5 Kb8 13. Re1 Nc8 14. Rb1 Qc7 15. Nf1
Nb6 16. Be3 Ba4 17. Qe2 Be7 18. N3h2 Qc8 19. f4 Rdg8 20. Bf2 g5 21. hxg6 Rxg6
22. Kh1 h5 23. Ne3 Bd7 24. Rf1 f5 25. exf6 Rxf6 26. Nf3 Bd6 27. Rbe1 Qg8 28. Ng2
Bc8 29. Ng5 Rhh6 30. Nh4 Nc6 31. Be3 Ne7 32. Bc1 Ng6 33. Qg2 Nxh4 34. gxh4 Rhg6
35. Re2 Bd7 36. Qf3 Nc8 37. f5 exf5 38. Bf4 Bxf4 39. Qxf4+ Nd6 40. Re7 Kc8 41.
Rfe1 Ne4 42. Nxe4 dxe4 43. Rxd7 Kxd7 44. Bxf5+ Rxf5 45. Qxf5+ Qe6 46. Qxe6+ Rxe6
47. Re3 Ke7 48. Kg2 Kf6 49. Re1 Kf5 50. Kf2 Rb6 51. Ke3 Rxb2 52. Rf1+ Ke6 53.
Kxe4 Re2+ 54. Kf4 Rg2 55. Re1+ Kd6 56. Kf5 Rg4 57. Re6+ Kd7 58. Rh6 Rxh4 59. Ke5
Rh3 60. Rh7+ Kc6 61. d5+ Kb6 62. Kd4 Rh4+ 63. Ke5 Rh3 64. Kd4 Rh4+ 1/2-1/2

[Event "TCh-TUR 2011"]
[Site "Konya TUR"]
[Date "2011.07.06"]
[Round "10"]
[White "Brunello, Marina"]
[Black "Komut, Burak"]
[Result "0-1"]
[WhiteTitle "WIM"]
[WhiteElo "2177"]
[BlackElo "1980"]
[WhiteTeam "Yesilkoy Spor Kulubu"]
[BlackTeam "Bursa Tophane Meslek Lisesi S.K."]
[WhiteFideId "822590"]
[BlackFideId "6309984"]
[EventDate "2011.06.28"]

1. e4 c5 2. c3 d6 3. d4 Nf6 4. Bd3 e5 5. Nf3 Nc6 6. dxc5 d5 7. Bb5 Nxe4 8. Nxe5
Bxc5 9. Nd3 Bb6 10. O-O O-O 11. Nd2 Nxd2 12. Bxd2 d4 13. Ba4 Bf5 14. Bc2 Qf6 15.
Nf4 Rad8 16. Bxf5 Qxf5 17. cxd4 Rxd4 18. Ne2 Rd7 19. Qc1 Qd3 0-1

[Event "TCh-TUR 2011"]
[Site "Konya TUR"]
[Date "2011.07.06"]
[Round "10"]
[White "Donmez, Batuhan"]
[Black "Deviren, Erdi"]
[Result "0-1"]
[WhiteElo "1849"]
[BlackElo "1927"]
[WhiteTeam "Bursa Tophane Meslek Lisesi S.K."]
[BlackTeam "Yesilkoy Spor Kulubu"]
[WhiteFideId "6326277"]
[BlackFideId "6319831"]
[EventDate "2011.06.28"]

1. e4 c5 2. Nf3 d6 3. d4 cxd4 4. Nxd4 Nf6 5. Nc3 g6 6. Be3 Bg7 7. f3 a6 8. Qd2
h5 9. a4 b6 10. Bd3 Bb7 11. O-O Nbd7 12. a5 b5 13. Rfc1 O-O 14. Nce2 d5 15. exd5
Nxd5 16. Bh6 e5 17. Nb3 Qe7 18. Bxg7 Kxg7 19. Be4 N7f6 20. Nc3 Nxe4 21. Nxe4
Rac8 22. Re1 Rc7 23. Rac1 Rfc8 24. Re2 Nf4 25. Re3 Rd8 26. Qe1 h4 27. Nf2 Qg5
28. Ng4 e4 29. Rxe4 Bxe4 30. Qxe4 Re7 31. Qb4 Ne2+ 32. Kf2 Nxc1 33. Qc3+ f6 34.
Nxc1 Rd2+ 35. Kf1 Rd1+ 36. Kf2 Qd2+ 0-1

[Event "TCh-TUR 2011"]
[Site "Konya TUR"]
[Date "2011.07.06"]
[Round "10"]
[White "Tandogan, Buket"]
[Black "Ulusoy, Nisan"]
[Result "1/2-1/2"]
[WhiteElo "1548"]
[BlackElo "1585"]
[WhiteTeam "Yesilkoy Spor Kulubu"]
[BlackTeam "Bursa Tophane Meslek Lisesi S.K."]
[WhiteFideId "6321070"]
[BlackFideId "6322247"]
[EventDate "2011.06.28"]

1. e4 c5 2. Nf3 d6 3. d4 cxd4 4. Nxd4 Nf6 5. Nc3 g6 6. Be2 Bg7 7. O-O Nc6 8. Be3
O-O 9. f4 Qb6 10. Na4 Qa5 11. Nc3 Qb4 12. a3 Qa5 13. Nb3 Qd8 14. Kh1 Be6 15. Nd4
Nxd4 16. Bxd4 Rc8 17. h3 Bc4 18. Bxc4 Rxc4 19. Qd3 Qc8 20. Rad1 Rd8 21. Bxa7 Nd7
22. Nd5 Kf8 23. c3 e6 24. Nb6 Nxb6 25. Bxb6 Rd7 26. Qe2 Qc6 27. Bd4 e5 28. b3
exd4 29. bxc4 dxc3 30. Qd3 Ke7 31. e5 dxe5 32. Qxc3 Rc7 33. fxe5 Qxc4 34. Qxc4
Rxc4 35. Rb1 Rc7 36. Rfe1 Ke6 37. Rb6+ Kf5 38. Rb5 Ke6 39. Rb6+ Kf5 40. e6 fxe6
41. Rbxe6 Bf8 42. a4 Rc4 43. Rb6 Bc5 44. Rxb7 Rxa4 45. Rxh7 Bd6 46. Rf1+ Kg5 47.
h4+ Kg4 48. Rh6 Bg3 49. Rxg6+ Kxh4 50. Rc6 Bf4 51. Rb1 Be3 52. Rc3 Bf2 53. Rcb3
Bc5 54. Rb5 Bd6 55. Kg1 Rf4 56. Rf1 Rc4 57. Rbf5 Bc5+ 58. Kh1 Bd6 59. Rf6 Bg3
60. Rb1 Be5 61. Rfb6 Kg3 62. R6b4 Rc2 63. R4b3+ Kg4 64. Rf1 Rc4 65. Rbf3 Rc6 66.
Rh3 Rc4 67. Rh6 Rc3 68. Rg6+ Kh4 69. Re6 Rc5 70. Re1 Bg3 71. Rd1 Bf2 72. Rf6 Rc2
73. Rf1 Bg3 74. R6f3 Bd6 75. Rd1 Bc5 76. Rf5 Bb6 77. Rf3 Bc5 78. Re1 Bd6 79. Rd3
Bc7 80. Red1 Be5 81. R3d2 Rc4 82. Rd5 Re4 83. Rxe5 Rxe5 84. Kh2 Re4 85. Rf1 Kg4
86. Rb1 Rd4 87. Rb8 Rd3 88. Rg8+ Kh4 89. g3+ Kh5 90. Rf8 Kg6 91. Rf2 Kg5 92. Kh3
Rd4 93. Rg2 1/2-1/2

[Event "TCh-TUR 2011"]
[Site "Konya TUR"]
[Date "2011.07.07"]
[Round "11"]
[White "Yeke, Serkan"]
[Black "Afyoncu, Omer"]
[Result "1/2-1/2"]
[WhiteTitle "FM"]
[WhiteElo "2293"]
[BlackElo "2112"]
[WhiteTeam "Gazi Universitesi S.K."]
[BlackTeam "Yesilkoy Spor Kulubu"]
[WhiteFideId "6301142"]
[BlackFideId "6305989"]
[EventDate "2011.06.28"]

1. e4 c5 2. Nc3 e6 3. f4 a6 4. Nf3 b5 5. d4 cxd4 6. Qxd4 d6 7. Be3 Bb7 8. O-O-O
Nc6 9. Qd2 Nf6 10. Bd3 Qc7 11. Rhe1 Be7 12. f5 O-O 13. fxe6 fxe6 14. Nd4 Nxd4
15. Bxd4 Ng4 16. h3 Ne5 17. Kb1 Ng6 18. Ne2 Rf7 19. Rf1 Raf8 20. Rxf7 Rxf7 21.
Be3 Ne5 22. Nd4 Qd7 23. Qc3 Nxd3 24. Qxd3 d5 25. Nf3 Qc7 26. e5 Qc4 27. Nd4 Qxd3
28. cxd3 Bc5 29. Rc1 Bxd4 30. Bxd4 Kf8 31. b4 Ke8 32. Kc2 Rf4 33. Kc3 Kd7 34. a3
Bc6 35. Kd2 Rf5 36. Ke3 Kc7 37. g4 Rf7 38. h4 Kb7 39. h5 Be8 40. Rh1 h6 41. Rg1
Rf8 42. Rg3 Kc6 43. Rf3 Rxf3+ 44. Kxf3 g6 45. g5 gxh5 46. gxh6 Bg6 47. Kf4 Kd7
48. Kg5 Bxd3 49. Kxh5 Ke7 50. Kg5 1/2-1/2

[Event "TCh-TUR 2011"]
[Site "Konya TUR"]
[Date "2011.07.07"]
[Round "11"]
[White "Ergene, Mertcan"]
[Black "Dastan, Batuhan"]
[Result "0-1"]
[WhiteElo "1731"]
[BlackElo "2191"]
[WhiteTeam "Yesilkoy Spor Kulubu"]
[BlackTeam "Gazi Universitesi S.K."]
[WhiteFideId "6342345"]
[BlackFideId "6300014"]
[EventDate "2011.06.28"]

1. d4 Nf6 2. Nf3 g6 3. Bg5 Bg7 4. Nbd2 d5 5. e3 O-O 6. Bd3 c5 7. c3 b6 8. Qe2
Bb7 9. O-O Ne4 10. Bf4 f5 11. h3 Nd7 12. Bh2 a6 13. Ne5 Nxe5 14. dxe5 Qc7 15. f4
Nxd2 16. Qxd2 Rfd8 17. Be2 e6 18. Rad1 Bf8 19. Kh1 Bc6 20. Bg1 a5 21. Kh2 b5 22.
Bf2 Qb7 23. Rg1 b4 24. g4 bxc3 25. bxc3 Rab8 26. gxf5 exf5 27. h4 Qb2 28. h5 Ba4
29. hxg6 Bxd1 30. gxh7+ Kxh7 31. Qxd1 Rb6 32. Qd3 Rh6+ 33. Kg2 Kh8 34. Kf3 Rh5
35. Kg2 c4 36. Qd1 Rh6 37. Bxc4 Bc5 38. Qd3 Rg8+ 39. Kf3 Rxg1 40. Qxf5 Rg8 41.
Bxd5 Rf8 42. Qg5 Rh2 43. Qg3 Rxf2+ 44. Qxf2 Rxf4+ 0-1

[Event "TCh-TUR 2011"]
[Site "Konya TUR"]
[Date "2011.07.07"]
[Round "11"]
[White "Nyzhnyk, Illya"]
[Black "Sanikidze, Tornike"]
[Result "0-1"]
[WhiteTitle "GM"]
[BlackTitle "GM"]
[WhiteElo "2583"]
[BlackElo "2524"]
[WhiteTeam "Gazi Universitesi S.K."]
[BlackTeam "Yesilkoy Spor Kulubu"]
[WhiteFideId "14118084"]
[BlackFideId "13602608"]
[EventDate "2011.06.28"]

1. d4 Nf6 2. c4 e6 3. Nf3 d5 4. Nc3 Bb4 5. cxd5 exd5 6. Qb3 c5 7. dxc5 Nc6 8. a3
Qa5 9. Bd2 d4 10. Nb5 Bxd2+ 11. Nxd2 O-O 12. Nd6 Qxc5 13. Nxc8 Raxc8 14. Qc4 Qb6
15. g3 Ne5 16. Qb3 Qc6 17. Rg1 Rfe8 18. Bh3 d3 19. Bg2 Qc5 20. e3 Neg4 21. Nf1
Qf5 22. f4 Nxe3 23. Nxe3 Qc5 0-1

[Event "TCh-TUR 2011"]
[Site "Konya TUR"]
[Date "2011.07.07"]
[Round "11"]
[White "Sahin, Handenur"]
[Black "Tandogan, Buket"]
[Result "1-0"]
[WhiteElo "1738"]
[BlackElo "1548"]
[WhiteTeam "Gazi Universitesi S.K."]
[BlackTeam "Yesilkoy Spor Kulubu"]
[WhiteFideId "6334865"]
[BlackFideId "6321070"]
[EventDate "2011.06.28"]

1. d4 f5 2. e4 d6 3. Nc3 Nf6 4. Bd3 fxe4 5. Nxe4 g6 6. Bg5 Bg7 7. Qd2 O-O 8.
O-O-O Bd7 9. f3 b5 10. Ne2 a5 11. N2g3 Na6 12. h4 Nb4 13. h5 Nxd3+ 14. Qxd3 Be8
15. hxg6 Bxg6 16. Bh6 Qd7 17. Qe3 Nd5 18. Qg5 Nf4 19. Bxg7 Kxg7 20. Nh5+ Nxh5
21. Rxh5 Rf5 22. Qh6+ Kg8 23. Rxf5 Qxf5 24. Qg5 Qxg5+ 25. Nxg5 c6 26. Re1 Kf8
27. Kd2 Re8 28. Ne6+ Kf7 29. c3 Bf5 30. Nf4 Rg8 31. g4 Bd7 32. Rh1 Rg7 33. Ke3
Kg8 34. Ke4 d5+ 35. Ke3 Rf7 36. Nd3 Rf8 37. Ne5 Be8 38. f4 Kg7 39. f5 Rh8 40.
Kf4 h6 41. Nd3 Kf6 42. Re1 Bf7 43. Ne5 Be8 44. Nxc6 Bxc6 45. Re6+ Kf7 46. Rxc6
h5 47. gxh5 Rxh5 48. Rc5 a4 49. Rxd5 Rh2 50. Rxb5 a3 51. bxa3 Rxa2 52. Rb3 1-0

[Event "TCh-TUR 2011"]
[Site "Konya TUR"]
[Date "2011.07.07"]
[Round "11"]
[White "Arutinian, David"]
[Black "Kulaots, Kaido"]
[Result "1/2-1/2"]
[WhiteTitle "GM"]
[BlackTitle "GM"]
[WhiteElo "2564"]
[BlackElo "2607"]
[WhiteTeam "Yesilkoy Spor Kulubu"]
[BlackTeam "Gazi Universitesi S.K."]
[WhiteFideId "13601741"]
[BlackFideId "4500261"]
[EventDate "2011.06.28"]

1. d4 Nf6 2. c4 e6 3. Nf3 d5 4. Nc3 Be7 5. Bg5 h6 6. Bh4 O-O 7. e3 Ne4 8. Bxe7
Qxe7 9. Rc1 c6 10. Bd3 Nxc3 11. Rxc3 Nd7 12. O-O e5 13. dxe5 dxc4 14. Bxc4 Nxe5
15. Nxe5 1/2-1/2

[Event "TCh-TUR 2011"]
[Site "Konya TUR"]
[Date "2011.07.07"]
[Round "11"]
[White "Gulden, Egemen"]
[Black "Koksal, Ege"]
[Result "0-1"]
[WhiteElo "1690"]
[BlackElo "2004"]
[WhiteTeam "Yesilkoy Spor Kulubu"]
[BlackTeam "Gazi Universitesi S.K."]
[WhiteFideId "6324983"]
[BlackFideId "6317626"]
[EventDate "2011.06.28"]

1. e4 e5 2. Nf3 Nc6 3. Bc4 Bc5 4. O-O Nf6 5. d4 exd4 6. e5 d5 7. exf6 dxc4 8.
Re1+ Be6 9. Ng5 Qd5 10. Nc3 Qf5 11. Nce4 O-O-O 12. Nxc5 Qxc5 13. fxg7 Rhg8 14.
Rxe6 fxe6 15. Nxe6 Qd5 16. Nxd8 Rxg7 17. g3 Nxd8 18. Bf4 Ne6 19. Bd2 h5 20. Qf1
d3 21. Qg2 Qf5 22. c3 Nc5 23. Re1 Rg6 24. f3 Re6 25. Qf2 b6 26. Rxe6 Qxe6 27.
Qe3 Qxe3+ 28. Bxe3 Na4 29. h4 Kd7 30. Kf1 Nxb2 31. Ke1 Na4 32. Kd2 a5 33. g4 Ke7
34. Bf4 Nc5 35. g5 Ne6 36. Be3 Kf7 37. a4 Kg6 38. Kc1 Kf5 39. Kd2 Nf8 40. Bf2
Kf4 41. Kd1 Kxf3 42. Be1 b5 43. axb5 a4 44. Bd2 a3 45. Kc1 a2 46. Kb2 Ke2 47.
Bf4 Ng6 48. Bc1 Kd1 49. Be3 Ke2 50. Bc1 d2 51. Kxa2 dxc1=Q 52. b6 Qc2+ 53. Ka1
Qxc3+ 54. Ka2 Qb3+ 55. Ka1 c3 0-1

[Event "TCh-TUR 2011"]
[Site "Konya TUR"]
[Date "2011.07.07"]
[Round "11"]
[White "Sasmazel, Burcu"]
[Black "Alev, Gonulden Seda"]
[Result "1-0"]
[WhiteElo "1911"]
[BlackElo "1605"]
[WhiteTeam "Gazi Universitesi S.K."]
[BlackTeam "Yesilkoy Spor Kulubu"]
[WhiteFideId "6319106"]
[BlackFideId "6301428"]
[EventDate "2011.06.28"]

1. e4 c5 2. Nc3 e6 3. g3 d5 4. exd5 exd5 5. d3 Nf6 6. Bg2 Be7 7. Nge2 d4 8. Ne4
Nxe4 9. Bxe4 Nd7 10. O-O Nf6 11. Bg2 O-O 12. Bg5 h6 13. Bxf6 Bxf6 14. Nf4 Rb8
15. a4 a5 16. Re1 Bd7 17. h4 Re8 18. b3 Re5 19. Qd2 Bg4 20. Rxe5 Bxe5 21. Re1
Bd6 22. Nd5 Be6 23. Nf4 Bg4 24. Bd5 Bf5 25. Bf3 c4 26. Rd1 c3 27. Qc1 Qf6 28.
Nd5 Qg6 29. h5 Qe6 30. Re1 Qd7 31. Qd1 Qd8 32. Be4 Qg5 33. Bxf5 Qxf5 34. Ne7+
Bxe7 35. Rxe7 Qg5 36. Qe2 Qd2 37. Kf1 Qc1+ 38. Kg2 Qd2 39. Kf3 Qxe2+ 40. Kxe2
Rd8 41. Rxb7 Re8+ 42. Kd1 f5 43. Rd7 1-0

[Event "TCh-TUR 2011"]
[Site "Konya TUR"]
[Date "2011.07.07"]
[Round "11"]
[White "Durarbeyli, Vasif"]
[Black "Deviren, Erdi"]
[Result "1-0"]
[WhiteTitle "GM"]
[WhiteElo "2511"]
[BlackElo "1927"]
[WhiteTeam "Gazi Universitesi S.K."]
[BlackTeam "Yesilkoy Spor Kulubu"]
[WhiteFideId "13402935"]
[BlackFideId "6319831"]
[EventDate "2011.06.28"]

1. g3 Nf6 2. Bg2 d6 3. d4 g6 4. e4 Bg7 5. Ne2 Nbd7 6. O-O O-O 7. Nbc3 e5 8. h3
c6 9. a4 Qc7 10. b3 Rd8 11. Ba3 Nf8 12. Qd2 Ne6 13. d5 cxd5 14. exd5 Nf8 15. Nb5
Qe7 16. c4 Ne8 17. Rae1 f5 18. f4 e4 19. Bb2 Nf6 20. Ned4 Bd7 21. Re3 h5 22. Nf3
Be8 23. Nbd4 Bf7 24. Ng5 Re8 25. Rd1 Kh8 26. Bc3 N6h7 27. Nxf7+ Qxf7 28. Nb5
Red8 29. g4 hxg4 30. hxg4 Nf6 31. Rh3+ N8h7 32. gxf5 gxf5 33. Nd4 Ng4 34. Ne6
Bxc3 35. Qxc3+ Kg8 36. Qg3 Qg6 37. Bxe4 fxe4 38. f5 Qxf5 39. Rf1 Qg6 40. Rh4 Ne5
41. Qxg6+ Nxg6 42. Rg4 Nf8 43. Nxf8 Rxf8 44. Rxg6+ Kh8 45. Rh6+ Kg8 46. Rxd6
Rae8 47. Rg6+ Kh8 48. Rxf8+ Rxf8 49. Re6 Rf3 50. d6 Rd3 51. c5 Kg7 52. Kf2 Rxb3
53. d7 1-0

[Event "TCh-TUR 2011"]
[Site "Konya TUR"]
[Date "2011.07.07"]
[Round "11"]
[White "Miroshnichenko, Evgenij"]
[Black "Spasov, Vasil"]
[Result "1/2-1/2"]
[WhiteTitle "GM"]
[BlackTitle "GM"]
[WhiteElo "2651"]
[BlackElo "2594"]
[WhiteTeam "Adana Truva Satranc S.K."]
[BlackTeam "Bursa Tophane Meslek Lisesi S.K."]
[WhiteFideId "14102595"]
[BlackFideId "2900041"]
[EventDate "2011.06.28"]

1. d4 Nf6 2. c4 g6 3. Nc3 Bg7 4. e4 d6 5. Bd3 O-O 6. Nge2 Nc6 7. O-O Nd7 8. Be3
e5 9. d5 Nd4 10. Rc1 c5 11. dxc6 bxc6 12. b4 c5 13. b5 Bb7 14. a4 f5 15. exf5
gxf5 16. f4 Nf6 17. h3 Qe8 18. fxe5 Qxe5 19. Bf4 Qe6 20. Ng3 Ne4 21. Nd5 Nxg3
22. Bxg3 Bxd5 23. cxd5 Qg6 24. Bf4 Rae8 25. Rb1 1/2-1/2

[Event "TCh-TUR 2011"]
[Site "Konya TUR"]
[Date "2011.07.07"]
[Round "11"]
[White "Karakehajov, Kalin"]
[Black "Esen, Baris"]
[Result "1/2-1/2"]
[WhiteTitle "IM"]
[BlackTitle "GM"]
[WhiteElo "2493"]
[BlackElo "2553"]
[WhiteTeam "Bursa Tophane Meslek Lisesi S.K."]
[BlackTeam "Adana Truva Satranc S.K."]
[WhiteFideId "2906430"]
[BlackFideId "6302114"]
[EventDate "2011.06.28"]

1. d4 d5 2. c4 c6 3. Nf3 Nf6 4. e3 Bf5 5. Nc3 e6 6. Nh4 Be4 7. f3 Bg6 8. Qb3 Qc7
9. Bd2 Be7 10. cxd5 cxd5 11. Nxg6 hxg6 12. g3 Nc6 13. f4 O-O 14. Rc1 Rac8 15.
Qd1 Qb8 16. g4 Ne4 17. Nxe4 dxe4 18. Bg2 Bh4+ 19. Ke2 g5 20. fxg5 Qd6 21. Qa4
Qd7 22. Bxe4 e5 23. Rxc6 Rxc6 24. Bxc6 bxc6 25. dxe5 Qd5 26. Rg1 Qxe5 27. Qxc6
Bxg5 28. Rf1 Rd8 29. Qf3 Qb5+ 30. Ke1 Bh4+ 31. Kd1 Qd7 32. Qe2 Qa4+ 33. Kc1 Qxa2
34. Bc3 Bf6 35. Rxf6 gxf6 36. g5 Qa1+ 37. Kc2 Qa4+ 38. Kc1 fxg5 39. e4 Qa1+ 40.
Kc2 Qa4+ 41. Kc1 Qd7 42. Qh5 f6 43. e5 Qf5 44. exf6 Qf4+ 45. Kb1 Qe4+ 46. Kc1
Qe3+ 47. Kb1 Qe4+ 1/2-1/2